The dynamics of modernization : A study in comparative history

Contents: modernization; comparative history; the politics of modernization; Comparative modernization....

Uloženo v:
Podrobná bibliografie
Médium: Kniha
Jazyk:Undetermined
Vydáno: New York Harper & Row 1975
Témata:
Tagy: Přidat tag
Žádné tagy, Buďte první, kdo otaguje tento záznam!
Thư viện lưu trữ: Trung tâm Học liệu Trường Đại học Cần Thơ
LEADER 00650nam a2200193Ia 4500
001 CTU_223689
008 210402s9999 xx 000 0 und d
082 |a 909.825 
082 |b B627 
245 4 |a The dynamics of modernization : 
245 2 |b A study in comparative history 
245 0 |c Cyril E. Black 
260 |a New York 
260 |b Harper & Row 
260 |c 1975 
520 |a Contents: modernization; comparative history; the politics of modernization; Comparative modernization.... 
650 |a Nền văn minh, hiện đại,Civilization, Modern 
904 |i Trúc 
980 |a Trung tâm Học liệu Trường Đại học Cần Thơ